00580nam a22001817a 450000500170000001000150001702000260003203500140005803700090007208200130008110000190009424501050011325000060021826000440022427000730026830000260034170000310036720250715115449.0 aENG-145985 a9788197806797c300.00 aEN-129517 bDBAD a006.321 aChava, Nirmala aDigital technologies and Artificial Intelligence in Education/cNirmala Chava [and] Prasanth Venpkal a1 aNew DelhibNeelkamal Publicationsc2024 a4764/1, 23, Ansari Road, Daryaganj,bNew Delhie110002k011-23244237 aviii, 194p.c24cm(pb) aVenpkal, Prasanth eAuthor